000 00396nam a2200133Ia 4500
008 220217s9999||||xx |||||||||||||| ||und||
020 _a978-81-315-0058-3
082 _a621.395 YAR
100 _aYarbrough, John M
245 0 _aDigital logic applications and design
260 _aThomson Brooks cole
_bNew Delhi
_c2010
300 _aXX, 698p.
_b450
650 _aDIGITAL DESIGN/LOGIC DESIGN
999 _c179541
_d179541